Music Quiz

Random Music Quiz

My Love by Paul McCartney Lyrics Quiz Stats

Quiz not verified by Sporcle

Challenge
Share
Tweet
Embed
Score 0/188 Timer 10:00
0 Plays Today
Hint Answer % Correct
go
96.8%
my
96.8%
my
96.8%
love
96.8%
my
96.8%
love
96.8%
my
96.8%
love
96.8%
it
96.8%
My
96.8%
love
96.8%
it
96.8%
my
96.8%
love
96.8%
my
96.8%
love
96.8%
my
96.8%
love
96.8%
it
96.8%
My
96.8%
love
96.8%
it
96.8%
love
96.8%
my
96.8%
love
96.8%
my
96.8%
love
96.8%
my
96.8%
love
96.8%
my
96.8%
love
96.8%
my
96.8%
love
96.8%
it
96.8%
My
96.8%
love
96.8%
it
96.8%
my
96.8%
love
96.8%
my
96.8%
love
96.8%
my
96.8%
love
96.8%
it
96.8%
love
96.8%
my
96.8%
love
96.8%
my
96.8%
love
96.8%
my
96.8%
love
96.8%
my
96.8%
love
96.8%
my
96.8%
love
96.8%
it
96.8%
And
95.2%
when
95.2%
the
95.2%
and
95.2%
does
95.2%
does
95.2%
And
95.2%
Hint Answer % Correct
when
95.2%
the
95.2%
And
95.2%
does
95.2%
does
95.2%
the
95.2%
does
95.2%
does
95.2%
And
95.2%
does
95.2%
the
95.2%
does
95.2%
95.2%
with
93.5%
good
93.5%
good
93.5%
with
93.5%
with
93.5%
good
93.5%
good
93.5%
good
93.5%
good
93.5%
with
93.5%
good
93.5%
good
93.5%
away
91.9%
It's
90.3%
it's
90.3%
It's
90.3%
It's
90.3%
It's
90.3%
It's
90.3%
stay
88.7%
me
88.7%
me
88.7%
me
88.7%
me
88.7%
me
88.7%
understood
85.5%
understood
85.5%
understood
85.5%
heart
83.9%
to
83.9%
to
83.9%
to
83.9%
to
83.9%
to
83.9%
know
80.6%
Wo
80.6%
wo
80.6%
wo
80.6%
wo
80.6%
wo
80.6%
wo
80.6%
wo
80.6%
wo
80.6%
Wo
80.6%
wo
80.6%
wo
80.6%
wo
80.6%
Wo
80.6%
wo
80.6%
wo
80.6%
Hint Answer % Correct
wo
80.6%
Oh
80.6%
Oh
80.6%
Oh
80.6%
Oh
80.6%
Wo
80.6%
wo
80.6%
wo
80.6%
wo
80.6%
Wo
80.6%
wo
80.6%
wo
80.6%
wo
80.6%
ever
80.6%
Wo
80.6%
wo
80.6%
wo
80.6%
wo
80.6%
Wo
80.6%
wo
80.6%
wo
80.6%
wo
80.6%
Oh
80.6%
Oh
80.6%
Oh
80.6%
Oh
80.6%
can
79%
Only
77.4%
Only
77.4%
Only
77.4%
Only
77.4%
in
75.8%
there
74.2%
I'll
71%
of
69.4%
why
64.5%
everywhere
61.3%
Don't
61.3%
never
61.3%
everywhere
61.3%
something
59.7%
hands
58.1%
bare
58.1%
find
58.1%
ask
58.1%
say
56.5%
I
54.8%
I
54.8%
cupboards
54.8%
still
54.8%
I
54.8%
I
54.8%
I
54.8%
key
53.2%
key
53.2%
she
51.6%
holds
50%
other
50%
goodbye
50%
holds
50%
other
50%
Lord
8.1%

You're not logged in!

Compare scores with friends on all Sporcle quizzes.
Join for Free
OR
Log In

You Might Also Like...

Show Comments

Extras

Created Dec 24, 2016ReportNominate
Tags:love, mccartney, paul

Top Quizzes Today


Score Distribution

Your Account Isn't Verified!

In order to create a playlist on Sporcle, you need to verify the email address you used during registration. Go to your Sporcle Settings to finish the process.

Report this User

Report this user for behavior that violates our Community Guidelines.

Details: